Mixed Word: Reality TV Quiz Stats

 Plays Quiz Updated Oct 19, 2016

Challenge
Share
Tweet
Embed
Score 0/18 Timer 04:00
0 Plays Today
Scrambled Show Show Title % Correct
OPT FCEHTop Chef
97.5%
SPOCCops
97.2%
MIPP YM DIREPimp My Ride
95.8%
ALER LRODWReal World
95%
ICNADNG THWI ETH ARSTSDancing With The Stars
94.8%
KEAC SSBOCake Boss
94.3%
TELTIL POELEP GIB ORDLWLittle People Big World
93.4%
GIB THREORBBig Brother
92.8%
HET MAZGINA CAREThe Amazing Race
91.6%
Scrambled Show Show Title % Correct
ETH GESTIGB RESLOThe Biggest Loser
91.2%
GOD ETH TYNOUB TERHUNDog The Bounty Hunter
91.2%
ETH LORCHEABThe Bachelor
89.5%
CANRIMAE DOLIAmerican Idol
80.9%
DORA LUSERRoad Rules
79.8%
RUSIVROVSurvivor
79.6%
STIELEADD TACCHDeadliest Catch
78.8%
TEH CITEPERNPAThe Apprentice
59.6%
ELECRITYB BARHECelebrity Rehab
41.8%

You're not logged in!

Compare scores with friends on all Sporcle quizzes.
Join for Free
OR
Log In

You Might Also Like...

Show Comments

Extras

Top Quizzes Today


Score Distribution

Your Account Isn't Verified!

In order to create a playlist on Sporcle, you need to verify the email address you used during registration. Go to your Sporcle Settings to finish the process.

Report this User

Report this user for behavior that violates our Community Guidelines.

Details: